Enacting catholic social tradition : (Registro nro. 37272)
[ vista simple ]
| 000 -LEADER | |
|---|---|
| fixed length control field | 00960cam a2200277 i 4500 |
| 001 - CONTROL NUMBER | |
| control field | 37272 |
| 003 - CONTROL NUMBER IDENTIFIER | |
| control field | Mx-PuUPA |
| 005 - DATE AND TIME OF LATEST TRANSACTION | |
| control field | 20260218114530.0 |
| 008 - FIXED-LENGTH DATA ELEMENTS--GENERAL INFORMATION | |
| fixed length control field | 140415s2022 ny gr 001 0 eng d |
| 020 ## - INTERNATIONAL STANDARD BOOK NUMBER | |
| International Standard Book Number | 9781626984691 |
| Qualifying information | rústica |
| 040 ## - CATALOGING SOURCE | |
| Transcribing agency | Mx-PuUPA |
| Original cataloging agency | Mx-PuUPA |
| Language of cataloging | spa |
| Modifying agency | Mx-PuUPA |
| Description conventions | rda |
| 041 0# - LANGUAGE CODE | |
| Language code of text/sound track or separate title | eng |
| 100 1# - MAIN ENTRY--PERSONAL NAME | |
| Personal name | Sedmak, Clemens, |
| Dates associated with a name | 1971- |
| Relator term | autor |
| 9 (RLIN) | 17849 |
| 245 10 - TITLE STATEMENT | |
| Title | Enacting catholic social tradition : |
| Remainder of title | the deep practice of human dignity / |
| Statement of responsibility, etc. | Clemens Sedmak |
| 264 #1 - PRODUCTION, PUBLICATION, DISTRIBUTION, MANUFACTURE, AND COPYRIGHT NOTICE | |
| Place of production, publication, distribution, manufacture | Maryknoll, NY : |
| Name of producer, publisher, distributor, manufacturer | Orbis Books, |
| Date of production, publication, distribution, manufacture, or copyright notice | ©2022 |
| 300 ## - PHYSICAL DESCRIPTION | |
| Extent | xxxvi, 206 páginas ; |
| Dimensions | 24 cm |
| 336 ## - CONTENT TYPE | |
| Fuente | rdacontent |
| Content type term | texto |
| Content type code | txt |
| 337 ## - MEDIA TYPE | |
| Source | rdamedia |
| Media type term | sin medio |
| Media type code | n |
| 338 ## - CARRIER TYPE | |
| Source | rdacarrier |
| Carrier type term | volumen |
| Carrier type code | nc |
| 650 #7 - SUBJECT ADDED ENTRY--TOPICAL TERM | |
| Source of heading or term | armarc |
| Topical term or geographic name entry element | Iglesia Católica |
| General subdivision | Doctrinas |
| 650 #7 - SUBJECT ADDED ENTRY--TOPICAL TERM | |
| Source of heading or term | armarc |
| Topical term or geographic name entry element | Sociología cristiana |
| General subdivision | Iglesia Católica |
| 650 #7 - SUBJECT ADDED ENTRY--TOPICAL TERM | |
| Source of heading or term | armarc |
| Topical term or geographic name entry element | Ética cristiana |
| General subdivision | Autores católicos |
| 942 ## - ADDED ENTRY ELEMENTS (KOHA) | |
| Source of classification or shelving scheme | Dewey Decimal Classification |
| Koha item type | Libro |
| Classification part | 261.8 |
| Item part | S44 |
| Withdrawn status | Lost status | Source of classification or shelving scheme | Damaged status | Not for loan | Collection code | Home library | Current library | Shelving location | Date acquired | Source of acquisition | Total Checkouts | Full call number | Barcode | Checked out | Date last seen | Date last checked out | Price effective from | Koha item type |
|---|---|---|---|---|---|---|---|---|---|---|---|---|---|---|---|---|---|---|
| Dewey Decimal Classification | Magisterial | Biblioteca Karol Wojtyla | Biblioteca Karol Wojtyla | Módulo de circulación | 03/12/2013 | Compra | 1 | 261.8 S44 2022 | 47450 | 24/02/2027 | 24/02/2026 | 24/02/2026 | 03/12/2013 | Magisterial |